000 00550nam a2200229Ia 4500
003 OSt
005 20220928104550.0
006 a|||||r|||| 00| 0
007 ta
008 220927b |||||||| |||| 00| 0 eng d
024 _a62978
037 _cTextual
040 _aSDCL
_cSDCL
_beng
041 _2eng
_aeng
082 _aO152,3:g, K8
100 _aSatyender
_9411079
245 0 _aHindi upanyas-vivechan.
260 _c1968
300 _a290p
_ccm.
942 _hO152,3:g, K8
_cTEXL
_2CC
999 _c726738
_d726738